[Event "SVK-ch U14"]
[Site "Liptovsky Mikulas"]
[Date "2017.04.25"]
[Round "5"]
[White "Sopoci, Jakub"]
[Black "Michalicka, Oliver"]
[Result "0-1"]
[WhiteElo "1533"]
[BlackElo "1378"]
[PlyCount "40"]
[EventDate "2017.04.22"]
[EventType "swiss"]
[EventRounds "9"]
[EventCountry "SVK"]
[SourceTitle "CBM 178 Extra"]
[Source "ChessBase"]
[SourceDate "2017.06.22"]
[SourceVersion "1"]
[SourceVersionDate "2017.06.22"]
[SourceQuality "1"]

1. e4 e6 2. d4 d5 3. Nc3 Nd7 4. exd5 Bb4 5. dxe6 fxe6 6. Nf3 Ngf6 7. Bg5 h6 8. Bd2 Qe7 9. Bd3 e5 10. 0-0 0-0 11. a3 Bxc3 12. Bxc3 e4 13. Bc4+ Kh8 14. Ne5 Nxe5 15. dxe5 Ng4 16. Qd5 e3 17. Bb4 Qh4 18. h3 exf2+ 19. Kh1 Qg3 20. hxg4 Qh4# 0-1

[Event "SVK-ch U14"]
[Site "Liptovsky Mikulas"]
[Date "2017.04.24"]
[Round "4"]
[White "Chovancak, Michal"]
[Black "Sopoci, Jakub"]
[Result "0-1"]
[WhiteElo "1040"]
[BlackElo "1533"]
[PlyCount "50"]
[EventDate "2017.04.22"]
[EventType "swiss"]
[EventRounds "9"]
[EventCountry "SVK"]
[SourceTitle "CBM 178 Extra"]
[Source "ChessBase"]
[SourceDate "2017.06.22"]
[SourceVersion "1"]
[SourceVersionDate "2017.06.22"]
[SourceQuality "1"]

1. e4 e5 2. Nf3 Nc6 3. Bb5 a6 4. Bxc6 dxc6 5. Nxe5 Qg5 6. Nf3 Qxg2 7. Rg1 Qh3 8. Rg3 Qd7 9. Nc3 g6 10. d4 Bg7 11. e5 Ne7 12. Ng5 c5 13. Be3 Nf5 14. Rf3 cxd4 15. Bxd4 Qxd4 16. Qxd4 Nxd4 17. Rxf7 Nxc2+ 18. Kd1 Nxa1 19. Rxg7 Bg4+ 20. Kc1 h6 21. Nf7 Kf8 22. Kb1 Kxg7 23. Nxh8 Kxh8 24. Kxa1 Bf3 25. e6 Re8 0-1